[Event "South Island Championship 2009"]
[Site "Dunedin"]
[Date "2009.07.14"]
[Round "7.4"]
[White "Brockway, Andrew"]
[Black "Jackson, L Ross"]
[Result "1/2-1/2"]
[WhiteElo "1538"]
[BlackElo "1868"]
[PlyCount "91"]
[EventDate "2009.??.??"]
[EventType "swiss"]
[EventRounds "8"]
[EventCountry "NZL"]

1. e4 c5 2. Nc3 d6 3. f4 g6 4. Nf3 Nf6 5. Bc4 Bg7 6. O-O O-O 7. Qe1 e6 8. e5
Ne8 9. d3 d5 10. Bb3 a6 11. a4 Nc6 12. Ne2 f5 13. Be3 b6 14. Bf2 h6 15. c3 Rf7
16. d4 Na5 17. Bc2 c4 18. Bh4 Qc7 19. Qg3 Kh7 20. Qh3 Bf8 21. Bf2 Be7 22. Bh4
Bxh4 23. Qxh4 Qe7 24. Qh3 Rf8 25. Kh1 Ra7 26. Rg1 Nb3 27. Raf1 b5 28. g4 bxa4
29. Rf2 a3 30. bxa3 Qxa3 31. Rfg2 Rg7 32. Ng5+ Kg8 33. Qxh6 Qb2 34. Bd1 Qd2 35.
Rg3 fxg4 36. Rxg4 Rf5 37. Rh4 Kf8 38. Qh8+ Ke7 39. Rh7 Rxh7 40. Qxh7+ Kd8 41.
Nf7+ Rxf7 42. Qxf7 Bd7 43. Qxg6 a5 44. Qc2 Qe3 45. Rg3 Qf2 46. Rg2 1/2-1/2

[Event "South Island Championship 2009"]
[Site "Dunedin"]
[Date "2009.07.14"]
[Round "7.5"]
[White "Gold, Hamish R"]
[Black "Aimers, Geoffrey"]
[Result "0-1"]
[WhiteElo "1772"]
[BlackElo "1815"]
[PlyCount "60"]
[EventDate "2009.??.??"]
[EventType "swiss"]
[EventRounds "8"]
[EventCountry "NZL"]

1. d4 Nf6 2. Nf3 g6 3. g3 Bg7 4. Bg2 O-O 5. O-O c6 6. c4 d5 7. cxd5 cxd5 8. Nc3
Nc6 9. Bf4 Nh5 10. Bg5 h6 11. Be3 Nf6 12. h3 Bd7 13. Ne5 Qc8 14. Nxd5 Nxd5 15.
Bxd5 Nxe5 16. dxe5 Bxh3 17. Bg2 Bxg2 18. Kxg2 Qc6+ 19. f3 Rfd8 20. Qb3 g5 21.
Rac1 Qa6 22. e6 f5 23. Bc5 Rd2 24. Rf2 Rxe2 25. Bxe7 Rxf2+ 26. Kxf2 Bd4+ 27.
Ke1 Re8 28. Rc7 Qa5+ 29. Bb4 Qxc7 30. e7+ Kg7 0-1

[Event "South Island Championship 2009"]
[Site "Dunedin"]
[Date "2009.07.14"]
[Round "7.6"]
[White "Dolejs, Dan"]
[Black "Keeling, Roy L"]
[Result "1/2-1/2"]
[WhiteElo "1693"]
[BlackElo "1453"]
[PlyCount "104"]
[EventDate "2009.??.??"]
[EventType "swiss"]
[EventRounds "8"]
[EventCountry "NZL"]

1. e4 e6 2. Nf3 d5 3. exd5 exd5 4. d4 Nf6 5. Nc3 c6 6. Bg5 Bb4 7. Bd3 Bg4 8. a3
Bxc3+ 9. bxc3 Nbd7 10. Qe2+ Qe7 11. Qxe7+ Kxe7 12. Ne5 h6 13. Bxf6+ Nxf6 14. h3
Be6 15. O-O Rhe8 16. Rab1 Rab8 17. Rb2 Kf8 18. Rfb1 Nd7 19. Rxb7 Rxb7 20. Rxb7
Nxe5 21. dxe5 a5 22. Rc7 Rb8 23. Ra7 Rb1+ 24. Kh2 c5 25. c4 dxc4 26. Be4 Re1
27. f3 f5 28. exf6 gxf6 29. Rxa5 Ra1 30. Ra6 Ke7 31. g4 Rd1 32. a4 Bd5 33. Ra7+
Kd6 34. Bf5 Bxf3 35. Rd7+ Kc6 36. Rxd1 Bxd1 37. Kg3 h5 38. Kf4 Kb6 39. gxh5
Bxh5 40. Be6 Ka5 41. Bd7 c3 42. Ke4 Kb4 43. h4 Bd1 44. Kd3 c4+ 45. Kd4 Bxc2 46.
a5 Kxa5 47. Kxc4 Kb6 48. Kxc3 Bg6 49. Kd4 Kc7 50. Bg4 Kd6 51. Ke3 Ke7 52. Be2
Kf7 1/2-1/2

[Event "South Island Championship 2009"]
[Site "Dunedin"]
[Date "2009.07.14"]
[Round "7.7"]
[White "Scarf, Rex"]
[Black "Nijman, Arie J"]
[Result "0-1"]
[WhiteElo "1650"]
[BlackElo "1734"]
[PlyCount "96"]
[EventDate "2009.??.??"]
[EventType "swiss"]
[EventRounds "8"]
[EventCountry "NZL"]

1. e4 e5 2. Nc3 Nc6 3. Bc4 Nf6 4. d3 Be7 5. Nd5 Nxd5 6. Bxd5 d6 7. Be3 O-O 8.
Qd2 Nb8 9. Ne2 c6 10. Bb3 d5 11. exd5 cxd5 12. d4 e4 13. Nf4 Be6 14. O-O Kh8
15. f3 exf3 16. Rxf3 Qd7 17. Raf1 Nc6 18. c3 Na5 19. Nxe6 Qxe6 20. Qf2 Nxb3 21.
axb3 f6 22. Rh3 Rf7 23. Qf5 Qxf5 24. Rxf5 Rd8 25. g4 g6 26. Rf1 Bf8 27. Rhf3
Bg7 28. h3 Re7 29. Kf2 Rde8 30. h4 Re4 31. Rg1 R8e6 32. h5 g5 33. Bc1 Kg8 34.
Re3 Rxe3 35. Bxe3 Rb6 36. b4 a5 37. Bd2 axb4 38. cxb4 Bf8 39. Rc1 Rc6 40. Rc3
Kf7 41. Kf3 Bd6 42. Ra3 h6 43. Ra5 Ke6 44. Ra8 Rc4 45. Rh8 Rxd4 46. Be3 Rxb4
47. Rxh6 Rb3 48. Kf2 Rxb2+ 0-1

[Event "South Island Championship 2009"]
[Site "Dunedin"]
[Date "2009.07.14"]
[Round "7.8"]
[White "Mulligan, Allan W"]
[Black "Gloistein, Bruce"]
[Result "1/2-1/2"]
[WhiteElo "1653"]
[BlackElo "1583"]
[PlyCount "75"]
[EventDate "2009.??.??"]
[EventType "swiss"]
[EventRounds "8"]
[EventCountry "NZL"]

1. d4 d5 2. Nf3 Nf6 3. e3 Bf5 4. Nbd2 g6 5. b3 Bg7 6. Ba3 O-O 7. Bd3 Bg4 8. h3
Bc8 9. Ne5 Re8 10. h4 Nbd7 11. Ndf3 Nxe5 12. Nxe5 c6 13. Bb4 Qc7 14. g4 Ne4 15.
Bxe4 dxe4 16. f4 f6 17. Nc4 b6 18. Rc1 a5 19. Ba3 b5 20. Nd2 b4 21. Bb2 f5 22.
g5 Be6 23. Kf2 Bf7 24. c3 e5 25. dxe5 Bxe5 26. Kg3 Bg7 27. Qe2 Rad8 28. Nc4 Rd3
29. cxb4 Bxc4 30. Bxg7 Ba6 31. Bf6 axb4 32. h5 gxh5 33. Rxh5 Qb6 34. Kf2 Rxb3
35. Rxc6 Bxe2 36. Rxb6 Bxh5 37. axb3 Bf3 38. g6 {and a draw was soon agreed}
1/2-1/2

[Event "South Island Championship 2009"]
[Site "Dunedin"]
[Date "2009.07.14"]
[Round "7.9"]
[White "Hamilton, Andrew"]
[Black "Roura, Federico"]
[Result "1/2-1/2"]
[WhiteElo "1606"]
[BlackElo "1640"]
[PlyCount "64"]
[EventDate "2009.??.??"]
[EventType "swiss"]
[EventRounds "8"]
[EventCountry "NZL"]

1. c4 Nf6 2. Nc3 g6 3. d4 Bg7 4. e3 d6 5. Be2 Nbd7 6. b4 c5 7. Qb3 O-O 8. b5
cxd4 9. exd4 e5 10. d5 Nc5 11. Qd1 e4 12. Be3 Qc7 13. Rc1 Bf5 14. Bxc5 Qxc5 15.
g4 Bc8 16. g5 Nd7 17. Nxe4 Qb4+ 18. Kf1 f5 19. gxf6 Nxf6 20. Nxf6+ Bxf6 21. h3
Bh4 22. Nf3 Qc5 23. Qe1 Bf6 24. h4 Bg4 25. Kg2 Rae8 26. Qf1 Qa3 27. Rc2 Bd8 28.
Ng5 Bxe2 29. Rxe2 Bxg5 30. Rxe8 Qf3+ 31. Kg1 Qg4+ 32. Qg2 Qd1+ 1/2-1/2

[Event "South Island Championship 2009"]
[Site "Dunedin"]
[Date "2009.07.14"]
[Round "7.10"]
[White "Shierlaw, Hamish"]
[Black "Cooper, Nigel"]
[Result "1/2-1/2"]
[WhiteElo "1373"]
[BlackElo "1655"]
[PlyCount "62"]
[EventDate "2009.??.??"]
[EventType "swiss"]
[EventRounds "8"]
[EventCountry "NZL"]

1. e4 e5 2. Nf3 Nc6 3. Nc3 Nf6 4. d4 exd4 5. Nxd4 Bb4 6. Nxc6 bxc6 7. Bd3 h6 8.
O-O O-O 9. e5 Bxc3 10. bxc3 Nd5 11. Bd2 d6 12. exd6 cxd6 13. Be4 Ne7 14. Bf4 d5
15. Bd3 Be6 16. Qd2 c5 17. a3 Ng6 18. Bg3 Qf6 19. Rab1 Ne5 20. Be2 Rfd8 21. Qf4
Qxf4 22. Bxf4 Nc4 23. Bxc4 dxc4 24. Rfd1 h5 25. Kf1 Kf8 26. Bd6+ Ke8 27. Bxc5
a6 28. Ke1 Rxd1+ 29. Rxd1 Rb8 30. Bb4 Rd8 31. Rxd8+ Kxd8 1/2-1/2

[Event "South Island Championship 2009"]
[Site "Dunedin"]
[Date "2009.07.14"]
[Round "7.11"]
[White "Rains, Edward"]
[Black "Rains, Timothy"]
[Result "1-0"]
[WhiteElo "1312"]
[BlackElo "1292"]
[PlyCount "67"]
[EventDate "2009.??.??"]
[EventType "swiss"]
[EventRounds "8"]
[EventCountry "NZL"]

1. d4 d5 2. Nf3 Nf6 3. Bg5 Nc6 4. e3 Bg4 5. h3 Bh5 6. Nc3 e6 7. Na4 Be7 8. Bxf6
Bxf6 9. c4 dxc4 10. Bxc4 Qd6 11. Nc3 Qb4 12. Qb3 Qxb3 13. Bxb3 Nb4 14. Ba4+ c6
15. O-O O-O 16. g4 Bg6 17. e4 b5 18. Bb3 a5 19. a3 Nd3 20. Rab1 b4 21. Bc2 Nf4
22. Na4 Nxh3+ 23. Kh2 Ng5 24. Nxg5 Bxg5 25. f4 Be7 26. Ra1 b3 27. Bd3 Rfd8 28.
f5 exf5 29. exf5 Rxd4 30. fxg6 Rxd3 31. gxf7+ Kf8 32. Rac1 Rd4 33. Nc5 Rb8 34.
Ne6# 1-0

[Event "South Island Championship 2009"]
[Site "Dunedin"]
[Date "2009.07.14"]
[Round "7.12"]
[White "Hamilton, Paul"]
[Black "Clarkson, Robert D"]
[Result "1-0"]
[WhiteElo "1606"]
[BlackElo "1423"]
[PlyCount "83"]
[EventDate "2009.??.??"]
[EventType "swiss"]
[EventRounds "8"]
[EventCountry "NZL"]

1. e4 e5 2. d3 Nf6 3. f4 exf4 4. Bxf4 Bb4+ 5. c3 Ba5 6. Nf3 d6 7. Be2 Bb6 8.
Qd2 h6 9. Qc2 Nc6 10. Nbd2 Nh5 11. Bg3 Nxg3 12. hxg3 Be6 13. d4 d5 14. e5 Qd7
15. Bd3 O-O-O 16. O-O-O a6 17. Rdf1 Ne7 18. Nh2 Kb8 19. Nhf3 Nf5 20. Bxf5 Bxf5
21. Qd1 g5 22. Rf2 Qe6 23. Rhf1 c5 24. Nxg5 Qg6 25. Rxf5 Bc7 26. Nxf7 Qg7 27.
Nxh8 Qxh8 28. Rf6 cxd4 29. cxd4 Ba5 30. Kb1 Qh7+ 31. Ka1 Qd3 32. Nb3 Qb5 33.
Nxa5 Qxa5 34. e6 Ka7 35. Qc1 Kb8 36. e7 Re8 37. Rf8 Rxf8 38. exf8=Q+ Ka7 39.
Qfc5+ Qxc5 40. Qxc5+ b6 41. Qc7+ Ka8 42. Rf8# 1-0

[Event "South Island Championship 2009"]
[Site "Dunedin"]
[Date "2009.07.14"]
[Round "8.1"]
[White "Croad, Nicholas"]
[Black "Aimers, Geoffrey"]
[Result "1-0"]
[WhiteElo "2328"]
[BlackElo "1815"]
[PlyCount "57"]
[EventDate "2009.??.??"]
[EventType "swiss"]
[EventRounds "8"]
[EventCountry "NZL"]

1. d4 Nf6 2. c4 g6 3. Nc3 d5 4. cxd5 Nxd5 5. e4 Nxc3 6. bxc3 Bg7 7. Bc4 O-O 8.
Ne2 c5 9. Be3 Qa5 10. O-O Nc6 11. h3 e6 12. Rb1 a6 13. dxc5 Ne5 14. Bb3 Rd8 15.
Qc2 Bd7 16. Nd4 Rac8 17. f4 Nc6 18. f5 Qxc5 19. Qf2 Bxd4 20. cxd4 Qe7 21. Qg3
Re8 22. fxe6 fxe6 23. Bg5 Nxd4 24. Rf2 Qc5 25. Be3 Rf8 26. Rbf1 Qb4 27. Rxf8+
Rxf8 28. Rxf8+ Kxf8 29. Qf2+ 1-0

[Event "South Island Championship 2009"]
[Site "Dunedin"]
[Date "2009.07.14"]
[Round "8.2"]
[White "Bennett, Hilton P"]
[Black "Hothersall, Rik"]
[Result "1/2-1/2"]
[WhiteElo "1997"]
[BlackElo "1837"]
[PlyCount "48"]
[EventDate "2009.??.??"]
[EventType "swiss"]
[EventRounds "8"]
[EventCountry "NZL"]

1. e4 c5 2. Nc3 e6 3. f4 g6 4. Nf3 Bg7 5. e5 Ne7 6. Ne4 Nf5 7. Nxc5 d6 8. Bb5+
Nc6 9. Ne4 dxe5 10. fxe5 Bd7 11. Bxc6 Bxc6 12. Qe2 Nd4 13. Nd6+ Qxd6 14. exd6
Nxe2 15. Kxe2 O-O-O 16. Rf1 f6 17. b3 Rxd6 18. Bb2 e5 19. d3 e4 20. dxe4 Bxe4
21. Rad1 Rhd8 22. Rxd6 Rxd6 23. Kf2 Bh6 24. c4 a6 1/2-1/2

[Event "South Island Championship 2009"]
[Site "Dunedin"]
[Date "2009.07.14"]
[Round "8.3"]
[White "Fraemohs, Peter"]
[Black "Nijman, Arie J"]
[Result "1-0"]
[WhiteElo "1853"]
[BlackElo "1734"]
[PlyCount "52"]
[EventDate "2009.??.??"]
[EventType "swiss"]
[EventRounds "8"]
[EventCountry "NZL"]

1. d4 Nf6 2. Bg5 e6 3. e4 Be7 4. Bd3 b6 5. Nd2 Bb7 6. f4 d5 7. e5 Ne4 8. Bxe7
Qxe7 9. Ngf3 Nxd2 10. Qxd2 g6 11. c3 c5 12. Bb5+ Bc6 13. a4 a6 14. Be2 c4 15.
O-O Nd7 16. Qc2 h6 17. Nd2 O-O 18. Rf3 Kg7 19. Rg3 Rh8 20. f5 exf5 21. Qxf5
Rag8 22. Qf2 Nf8 23. b3 b5 24. axb5 axb5 25. Ra6 Qb7 26. Qf6+ Kh7 1-0

[Event "South Island Championship 2009"]
[Site "Dunedin"]
[Date "2009.07.14"]
[Round "8.4"]
[White "Jackson, L Ross"]
[Black "Siripornpitak, Boyd"]
[Result "1/2-1/2"]
[WhiteElo "1868"]
[BlackElo "1653"]
[PlyCount "48"]
[EventDate "2009.??.??"]
[EventType "swiss"]
[EventRounds "8"]
[EventCountry "NZL"]

1. d4 Nf6 2. c4 e6 3. Nc3 c5 4. d5 exd5 5. cxd5 d6 6. e4 g6 7. f4 Bg7 8. Bb5+
Nfd7 9. Nf3 a6 10. Bd3 b5 11. a3 O-O 12. O-O Nb6 13. h3 N8d7 14. Re1 Bb7 15.
Bf1 h5 16. g3 Re8 17. Bg2 Rc8 18. Rb1 c4 19. Ng5 Nc5 20. Be3 Nd3 21. Re2 Nxb2
22. Qd2 Nd3 23. Nxb5 axb5 24. Rxb5 Ba6 1/2-1/2

[Event "South Island Championship 2009"]
[Site "Dunedin"]
[Date "2009.07.14"]
[Round "8.5"]
[White "Marko, Helmut P"]
[Black "Brockway, Andrew"]
[Result "1/2-1/2"]
[WhiteElo "1847"]
[BlackElo "1538"]
[PlyCount "92"]
[EventDate "2009.??.??"]
[EventType "swiss"]
[EventRounds "8"]
[EventCountry "NZL"]

1. e4 c5 2. Nf3 g6 3. d4 cxd4 4. Nxd4 Nc6 5. Nxc6 bxc6 6. Qd4 Nf6 7. Nc3 Bg7 8.
Bc4 O-O 9. Qd3 d6 10. O-O e6 11. Bg5 h6 12. Bh4 g5 13. Bg3 d5 14. exd5 cxd5 15.
Bb5 Bd7 16. Be5 Bxb5 17. Nxb5 Ne4 18. Bxg7 Kxg7 19. Nxa7 Qf6 20. Nb5 Qxb2 21.
Rfb1 Qf6 22. Qe3 Rfb8 23. c4 Rc8 24. f3 Nc5 25. Nd6 Rc6 26. cxd5 Rxd6 27. Qxc5
Rxd5 28. Qe3 Rad8 29. a4 R8d7 30. a5 Rd3 31. Qe4 R3d4 32. Qe1 Rd3 33. a6 Qd4+
34. Kh1 Qa7 35. h3 Rd8 36. Qe5+ Kg6 37. Qe4+ Kg7 38. Qe1 R3d7 39. Qe5+ Kg8 40.
Qf6 Rd2 41. Qxh6 Rxg2 42. Kxg2 Rd2+ 43. Kh1 Rh2+ 44. Kxh2 Qf2+ 45. Kh1 Qxf3+
46. Kg1 Qg3+ 1/2-1/2

[Event "South Island Championship 2009"]
[Site "Dunedin"]
[Date "2009.07.14"]
[Round "8.6"]
[White "Keeling, Roy L"]
[Black "Gloistein, Bruce"]
[Result "1-0"]
[WhiteElo "1453"]
[BlackElo "1583"]
[PlyCount "65"]
[EventDate "2009.??.??"]
[EventType "swiss"]
[EventRounds "8"]
[EventCountry "NZL"]

1. d4 d5 2. Nf3 Nf6 3. Bg5 Ne4 4. Bf4 c6 5. Nbd2 Bf5 6. e3 Nd7 7. Be2 Ndf6 8.
h3 Bg6 9. Ne5 Nd7 10. Nxg6 hxg6 11. Nxe4 dxe4 12. c3 e6 13. Qb3 Nb6 14. c4 Qd7
15. Rd1 Qe7 16. a3 Rd8 17. O-O g5 18. Bg3 f5 19. d5 exd5 20. cxd5 Qf7 21. Qc2
Nxd5 22. Bc4 Bd6 23. Bxd5 cxd5 24. Qa4+ Kf8 25. Bxd6+ Rxd6 26. Qxa7 Rd8 27.
Qc5+ Kg8 28. Rd2 g4 29. Rfd1 gxh3 30. Rxd5 Rf8 31. Rd8 hxg2 32. Rxf8+ Qxf8 33.
Qxf8+ 1-0

[Event "South Island Championship 2009"]
[Site "Dunedin"]
[Date "2009.07.14"]
[Round "8.7"]
[White "Dolejs, Dan"]
[Black "Gold, Hamish R"]
[Result "0-1"]
[WhiteElo "1693"]
[BlackElo "1772"]
[PlyCount "68"]
[EventDate "2009.??.??"]
[EventType "swiss"]
[EventRounds "8"]
[EventCountry "NZL"]

1. e4 c5 2. Nf3 Nc6 3. Nc3 g6 4. d4 cxd4 5. Nb5 Bg7 6. Bc4 a6 7. Ng5 axb5 8.
Bxf7+ Kf8 9. Bb3 Qb6 10. Qf3+ Nf6 11. Nf7 d6 12. Nxh8 Bxh8 13. Bh6+ Ke8 14. h3
Na5 15. O-O Nxb3 16. axb3 Ra6 17. Rad1 Bd7 18. c3 dxc3 19. bxc3 Bc6 20. Rd4 b4
21. Rxb4 Qc5 22. g4 Nd7 23. Rc1 Be5 24. Qe2 Qa5 25. Qe1 Nc5 26. Bd2 Nd3 27. Qe3
Nxc1 28. Bxc1 d5 29. f4 Bd6 30. e5 Bxb4 31. cxb4 Qxb4 32. Kh2 Ra2+ 33. Kg3 d4
34. Qd3 Qe1# 0-1

[Event "South Island Championship 2009"]
[Site "Dunedin"]
[Date "2009.07.14"]
[Round "8.8"]
[White "Cooper, Nigel"]
[Black "Hamilton, Paul"]
[Result "0-1"]
[WhiteElo "1655"]
[BlackElo "1606"]
[PlyCount "98"]
[EventDate "2009.??.??"]
[EventType "swiss"]
[EventRounds "8"]
[EventCountry "NZL"]

1. c3 e5 2. g3 Nf6 3. Bg2 c6 4. d3 d5 5. f4 e4 6. dxe4 dxe4 7. Nd2 e3 8. Nc4
Qxd1+ 9. Kxd1 Ng4 10. Bxe3 b5 11. h3 Nxe3+ 12. Nxe3 Bc5 13. Ng4 f6 14. e4 O-O
15. Kc2 a5 16. Rd1 Ra7 17. Ne2 Na6 18. Nd4 Rc7 {(=)} 19. Ne3 b4 20. Bf1 Nb8 21.
Bc4+ Kh8 22. Nef5 Re8 23. Be6 Bd7 24. Bc4 Bc8 25. Be6 Ba6 26. Nb3 Bb6 27. cxb4
axb4 28. Rd6 g6 29. Nfd4 Rce7 30. f5 Bc7 31. Rxc6 Nxc6 32. Nxc6 Rg7 33. Nxb4
Bb7 34. Nc5 Bd6 35. Nxb7 Rxb7 36. Nd5 Be5 37. b4 Kg7 38. g4 Ra8 39. Kb1 Rba7
40. Nb6 Rb8 41. Nd5 Ra3 42. Rc1 Rxh3 43. Kc2 Ra8 44. Kb1 Raa3 45. Rc2 Rag3 46.
b5 Rh1+ 47. Rc1 Rh2 48. Rc2 Rg1+ 49. Rc1 Rb2+ 0-1

[Event "South Island Championship 2009"]
[Site "Dunedin"]
[Date "2009.07.14"]
[Round "8.9"]
[White "Rains, Edward"]
[Black "Scarf, Rex"]
[Result "0-1"]
[WhiteElo "1312"]
[BlackElo "1650"]
[PlyCount "82"]
[EventDate "2009.??.??"]
[EventType "swiss"]
[EventRounds "8"]
[EventCountry "NZL"]

1. e4 e5 2. Nf3 Nc6 3. Bb5 d6 4. d3 Bd7 5. c3 Nf6 6. Bg5 Be7 7. h3 Na5 8. Bxd7+
Nxd7 9. Bxe7 Qxe7 10. b4 Nc6 11. Nbd2 O-O 12. Qe2 a6 13. g4 b5 14. h4 g6 15.
O-O-O f6 16. h5 g5 17. Nb3 h6 18. d4 exd4 19. Nfxd4 Nxd4 20. Nxd4 Qe5 21. Kb2
Nb6 22. Rc1 Nc4+ 23. Kb1 Rae8 24. f3 Rf7 25. Nf5 Rh7 26. Ne3 Nb6 27. Nf5 d5 28.
Rhe1 Nc4 29. Qd3 d4 30. Nxd4 Qh2 31. Qe2 Qxe2 32. Rxe2 Rd7 33. Ka1 a5 34. bxa5
Nxa5 35. Nf5 Kh7 36. Rf2 Ra8 37. Kb1 Nc4 38. Ka1 c5 39. Re2 Rad8 40. Ree1 Rd2
41. Ne7 Ra8 0-1

[Event "South Island Championship 2009"]
[Site "Dunedin"]
[Date "2009.07.14"]
[Round "8.10"]
[White "Rains, Timothy"]
[Black "Mulligan, Allan W"]
[Result "0-1"]
[WhiteElo "1292"]
[BlackElo "1653"]
[PlyCount "76"]
[EventDate "2009.??.??"]
[EventType "swiss"]
[EventRounds "8"]
[EventCountry "NZL"]

1. e4 c5 2. Nf3 Nc6 3. Bc4 e6 4. Nc3 g6 5. d4 cxd4 6. Nxd4 Bg7 7. Be3 Nge7 8.
Qd2 O-O 9. O-O-O Ne5 10. Bb3 Ng4 11. Bg5 b6 12. f3 h6 13. Bh4 Nf6 14. g4 Kh7
15. Kb1 Bb7 16. Nde2 d5 17. Bxf6 Bxf6 18. exd5 exd5 19. Nxd5 Bxd5 20. Bxd5 Rb8
21. Bb3 Qc7 22. Qd6 Qc6 23. Qxc6 Nxc6 24. Rd6 Be5 25. Rxc6 Rbd8 26. f4 Bb8 27.
a3 Rfe8 28. Re1 Rd2 29. Bc4 Bxf4 30. Rf6 Bg5 31. Rxf7+ Kh8 32. Rxa7 Rd6 33. Rf1
Bf6 34. g5 hxg5 35. Rf3 g4 36. Nf4 Bg7 37. Rg3 Be5 38. Ba2 Rd1# 0-1

[Event "South Island Championship 2009"]
[Site "Dunedin"]
[Date "2009.07.14"]
[Round "8.11"]
[White "Roura, Federico"]
[Black "Shierlaw, Hamish"]
[Result "1/2-1/2"]
[WhiteElo "1640"]
[BlackElo "1373"]
[PlyCount "84"]
[EventDate "2009.??.??"]
[EventType "swiss"]
[EventRounds "8"]
[EventCountry "NZL"]

1. e4 e5 2. Nf3 Nc6 3. Bb5 a6 4. Ba4 Nf6 5. O-O d6 6. Re1 Be7 7. c3 O-O 8. h3
b5 9. Bb3 Bb7 10. d4 exd4 11. cxd4 Na5 12. Bc2 c5 13. d5 Nc4 14. Nbd2 Nxd2 15.
Bxd2 Nd7 16. b4 c4 17. a4 Bf6 18. Ra3 Qc7 19. Bc3 Bxc3 20. Rxc3 Qb6 21. a5 Qc7
22. Nd4 Rfe8 23. Nf5 Rad8 24. Rg3 g6 25. Qh5 Kh8 26. Qh6 Rg8 27. Nd4 Rde8 28.
Ree3 Ne5 29. Rc3 Qe7 30. f4 Nd7 31. f5 Qf8 32. Qf4 Nf6 33. Rge3 Nd7 34. fxg6
fxg6 35. Qxf8 Rgxf8 36. Ne6 Rf6 37. Rf3 Rxf3 38. Rxf3 Ne5 39. Rf6 Kg8 40. Ng5
Rd8 41. Ne6 Re8 42. Kf2 Bc8 1/2-1/2

[Event "South Island Championship 2009"]
[Site "Dunedin"]
[Date "2009.07.14"]
[Round "8.12"]
[White "Clarkson, Robert D"]
[Black "Hamilton, Andrew"]
[Result "0-1"]
[WhiteElo "1423"]
[BlackElo "1606"]
[PlyCount "94"]
[EventDate "2009.??.??"]
[EventType "swiss"]
[EventRounds "8"]
[EventCountry "NZL"]

1. d4 g6 2. Nf3 d5 3. e3 c6 4. c4 e6 5. Nc3 Nf6 6. c5 b6 7. cxb6 axb6 8. Bd3
Bb7 9. O-O Bd6 10. h3 Nh5 11. e4 dxe4 12. Bxe4 f5 13. Bg5 Qc7 14. Qb3 Bc8 15.
Bd3 h6 16. Bd2 Ng7 17. Rfe1 Qd8 18. Bc4 Kf7 19. Rad1 b5 20. Bd3 b4 21. Ne2 Qe7
22. Bc4 g5 23. g4 fxg4 24. hxg4 Nd7 25. Ng3 Bxg3 26. fxg3 Qd6 27. Ne5+ Nxe5 28.
dxe5 Qd4+ 29. Be3 Qxg4 30. Bc5 Nf5 31. Rf1 Re8 32. Rd3 Kg6 33. Rdf3 Ra5 34.
Qxb4 Rxc5 35. Qxc5 Nxg3 36. Rf6+ Kh5 37. Qf2 Ne2+ 38. Kh1 Ng3+ 39. Kg1 Ne2+ 40.
Kh1 Qxc4 41. Rxh6+ Kxh6 42. Qf6+ Kh5 43. Qf3+ Qg4 44. Qf7+ Kh4 45. Qh7+ Qh5 46.
Qe4+ Kg3+ 47. Qh4+ Qxh4# 0-1